Countries Most Similar To Liberia - Statistics

General Stats
  • This quiz has been taken 28 times
  • The average score is 15 of 20
Answer Stats
Rank Country Score % Correct
1 Sierra Leone 81.3
94%
4 Cameroon 73.5
88%
5 Guinea 72.5
88%
3 Nigeria 73.9
88%
9 Benin 71
82%
14 Gambia 70.4
82%
2 Ghana 75.9
82%
16 Guinea Bissau 69.9
82%
7 Ivory Coast 71.6
82%
12 Republic of the Congo 70.7
82%
17 Togo 69.9
82%
20 Burundi 68.7
76%
18 Kenya 69.2
65%
6 Tanzania 71.7
65%
15 Uganda 70.2
65%
13 Malawi 70.5
59%
10 Zambia 70.9
59%
19 Zimbabwe 68.9
59%
11 CAR 70.9
53%
8 DRC 71.1
47%
No matching quizzes found
Score Distribution
Percent of People with Each Score
Percentile by Number Answered
Your Score History
You have not taken this quiz